[Event "CAN-ch U12"]
[Site "Vancouver"]
[Date "2012.07.03"]
[Round "1"]
[White "Kolobaric, Nikola"]
[Black "Bellissimo, Joseph F"]
[Result "0-1"]
[WhiteElo "990"]
[BlackElo "2056"]
[PlyCount "90"]
[EventDate "2012.07.03"]
[EventType "swiss"]
[EventRounds "7"]
[EventCountry "CAN"]
[SourceTitle "EXT 2022"]
[Source "ChessBase"]
[SourceDate "2021.10.06"]
[SourceVersion "1"]
[SourceVersionDate "2021.10.06"]
[SourceQuality "1"]

1. d4 d5 2. e3 Bf5 3. Nc3 e6 4. Bb5+ c6 5. Bd3 Bxd3 6. Qxd3 Nf6 7. e4 Bb4 8. Bg5 dxe4 9. Qe3 Nd5 10. Bxd8 Nxe3 11. fxe3 Kxd8 12. Nge2 Ke7 13. 0-0 f5 14. a3 Bxc3 15. bxc3 Nd7 16. Nf4 g5 17. Nh5 Nb6 18. a4 Nd5 19. Rfe1 Nxc3 20. Ra3 Nd5 21. c4 Nf6 22. Nxf6 Kxf6 23. a5 b6 24. axb6 axb6 25. Rxa8 Rxa8 26. Rd1 Ra3 27. d5 Rd3 28. Rxd3 exd3 29. Kf1 exd5 30. cxd5 cxd5 31. Ke1 Ke5 32. Kd2 Ke4 33. h3 b5 34. Kc3 Kxe3 35. g3 d2 36. Kc2 Ke2 37. h4 g4 38. h5 d1Q+ 39. Kc3 Qd3+ 40. Kb2 b4 41. h6 Qc3+ 42. Kb1 Qd2 43. Ka1 b3 44. Kb1 Qc2+ 45. Ka1 Qa2# 0-1